| 000 | 00684nam a2200205 a 4500 | ||
|---|---|---|---|
| 005 | 20250809063834.0 | ||
| 008 | 120425s2007 mx r 000 0 spa d | ||
| 020 | _a9789686445978 (Petra Ediciones) | ||
| 020 | _a9789689206224 (IEEJ) | ||
| 035 | _aUPN01000184225 | ||
| 049 | _aF | ||
| 050 | 4 |
_aJL1292 _bA3.3 |
|
| 100 | 1 |
_aAcosta, Raúl _932551 |
|
| 245 | 1 | 0 |
_aCada opinión cuenta : _bvotar implica decidir qué comunidad queremos todos / _cRaúl Acosta. |
| 260 |
_aZapopan, Jal. : _bPetra : _bInstituto Electoral del Estado de Jalisco, _c2007. |
||
| 300 |
_a47 p. : _bil. |
||
| 650 | 4 |
_aDerecho electoral _zMéxico _96913 |
|
| 650 | 2 |
_aElecciones _zMéxico _95520 |
|
| 905 | _aFolleto | ||
| 999 |
_c156328 _d156328 |
||